000 01901nam a22003257a 4500
005 20110601102447.0
010 _aENG-102529 B-454597-598
020 _a9788190891844
_c900.00
035 _aEN-86062 B-454597-598
037 _bDBAD / PUB
037 _bBlue Berry/Ven
082 _a791.430954
245 _aNarratives of Indian cinema
_cedited by Manju Jain
260 _aDelhi
_bPrimus Books
_c2009
270 _aVirat Bhavan, Mukherjee Nagar Commercial Complex
_bDelhi
_e110009
300 _axx,274p. :
_c26cm (Hb)
_bill.
500 _aIncludes bibliographical references and index
505 _apt. 1. Writing cinema the colonial to the global -- pt. 2. Fractured polities -- pt. 3. Negotiating identities -- pt. 4. Literary and cinematic imaginaries.
520 _aMost of the papers presented at the seminar on ’Reflexions : Film, Literature and Culture, held at Delhi in March 2004.
650 _aMotion pictures
_vCongresses
_xHistory
_zIndia
_950714
650 _aMotion pictures
_vCongresses
_xSocial aspects
_zIndia
_950715
650 _aPopular culture
_vCongresses.
_zIndia
_950716
650 _aFilm adaptations
_vCongresses.
_950717
700 _927415
_aJain, Manju.
942 _adpl
_cEN
_2ddc
_mNAR
_h791.430954
999 _c52653
_d52653